[Event "San Francisco TNM Fall op"]
[Site "San Francisco"]
[Date "2014.10.28"]
[Round "2"]
[White "Drane, Robert W"]
[Black "James, Charles"]
[Result "1-0"]
[WhiteElo "1869"]
[BlackElo "1542"]
[PlyCount "29"]
[EventDate "2014.10.21"]
[EventType "swiss"]
[EventRounds "8"]
[EventCountry "USA"]
[SourceTitle "EXT 2016"]
[Source "ChessBase"]
[SourceDate "2015.10.08"]
[SourceVersion "1"]
[SourceVersionDate "2015.10.08"]
[SourceQuality "1"]

1. e4 e6 2. d4 d5 3. Nc3 Nf6 4. e5 Nfd7 5. f4 c5 6. Nf3 Qb6 7. Be3 Qxb2 8. Nb5 Na6 9. Be2 c4 10. a4 Qb4+ 11. Bd2 Qe7 12. Nd6+ Kd8 13. Ng5 Kc7 14. Ngxf7 Rg8 15. 0-0 1-0

[Event "San Francisco TNM Jay Whitehead op"]
[Site "San Francisco"]
[Date "2014.09.30"]
[Round "9"]
[White "Drane, Robert W"]
[Black "Handler, Andrew Todd"]
[Result "0-1"]
[WhiteElo "1869"]
[BlackElo "1652"]
[PlyCount "98"]
[EventDate "2014.08.05"]
[EventType "swiss"]
[EventRounds "9"]
[EventCountry "USA"]
[SourceTitle "EXT 2016"]
[Source "ChessBase"]
[SourceDate "2015.10.08"]
[SourceVersion "1"]
[SourceVersionDate "2015.10.08"]
[SourceQuality "1"]

1. Nf3 f5 2. d4 Nf6 3. c4 e6 4. Nc3 Bb4 5. g3 Bxc3+ 6. bxc3 0-0 7. Bg2 d6 8. 0-0 Nc6 9. Ba3 Ne4 10. Qc2 Na5 11. Qd3 Qe8 12. Bb4 Nc6 13. Nd2 Nxb4 14. cxb4 Nxd2 15. Qxd2 e5 16. dxe5 Qxe5 17. Qd5+ Kh8 18. e4 f4 19. Qxe5 dxe5 20. Rfd1 Be6 21. c5 Rad8 22. f3 g5 23. g4 Kg7 24. Bf1 Kf7 25. Bd3 Rd4 26. Rab1 Rfd8 27. Bc2 Rxd1+ 28. Rxd1 Rxd1+ 29. Bxd1 Bxa2 30. Be2 Ke7 31. Kf2 b6 32. cxb6 cxb6 33. Ke1 Kd6 34. Kd2 Kc6 35. Kc3 b5 36. Bd3 Kb6 37. Be2 a5 38. Bd3 a4 39. Be2 a3 40. Bd1 Bc4 41. Kc2 a2 42. Kb2 h6 43. Ka1 Kc6 44. Kb2 Kd6 45. Ka1 Ke6 46. Kb2 Kf6 47. Ka1 Kg6 48. Kb2 h5 49. h3 h4 0-1

[Event "San Francisco TNM Jay Whitehead op"]
[Site "San Francisco"]
[Date "2014.08.20"]
[Round "3"]
[White "Simpkins, Jerry"]
[Black "Drane, Robert W"]
[Result "0-1"]
[WhiteElo "1480"]
[BlackElo "1869"]
[PlyCount "72"]
[EventDate "2014.08.05"]
[EventType "swiss"]
[EventRounds "9"]
[EventCountry "USA"]
[SourceTitle "EXT 2016"]
[Source "ChessBase"]
[SourceDate "2015.10.08"]
[SourceVersion "1"]
[SourceVersionDate "2015.10.08"]
[SourceQuality "1"]

1. e4 Nf6 2. e5 Nd5 3. Bc4 Nb6 4. Bb3 d5 5. d4 e6 6. c3 c5 7. Be3 cxd4 8. cxd4 Nc6 9. f4 Bd7 10. Nf3 Na5 11. Nbd2 Bb5 12. Rc1 Be7 13. Bc2 Nbc4 14. Kf2 Nxb2 15. Qe1 Rc8 16. Kg3 h6 17. Kh3 Rc7 18. Qg3 g5 19. f5 Rxc2 20. Rxc2 exf5 21. Qe1 Nd3 22. Qb1 Bd7 23. g3 f4+ 24. Kg2 fxg3 25. Nf1 Nc4 26. Qxb7 g4 27. Rxc4 gxf3+ 28. Kxf3 dxc4 29. Nd2 Qc8 30. Qe4 Bg5 31. e6 fxe6 32. Qg6+ Kd8 33. Qg7 Kc7 34. Nxc4 Qf8+ 35. Qxf8 Rxf8+ 36. Ke4 Nf2+ 0-1